000 00278nam a2200121Ia 4500
008 190216s9999||||xx |||||||||||||| ||und||
100 _aHaridar Prasad Chouthari
245 0 _aHindi-Katha Kanthi
260 _bViswa Hindi Peed
300 _a128
650 _aHindi
942 _cBK
999 _c16303
_d16303